Central Library OPAC University of Rajshahi

The statesman / (Record no. 35761)

MARC details
000 -LEADER
fixed length control field 00737nam a22002531 4500
001 - CONTROL NUMBER
control field 35761
003 - CONTROL NUMBER IDENTIFIER
rucl marc code BD-RjUL
005 - DATE AND TIME OF LATEST TRANSACTION
control field 20211209052355.0
008 - FIXED-LENGTH DATA ELEMENTS--GENERAL INFORMATION
fixed length control field 140608s1957 enk 000 0 eng
035 ## - SYSTEM CONTROL NUMBER
System control number (BD-RjUL)35856
System control number (OCoLC)6927746
040 ## - CATALOGING SOURCE
Original cataloging agency DLC
Transcribing agency CLolC
Modifying agency BD-RjUL
Language of cataloging eng
041 ## - LANGUAGE CODE
Language code of text/sound track or separate title eng
082 ## - DEWEY DECIMAL CLASSIFICATION NUMBER
Classification number 351.1
Author mark and year TAS 1957
100 1# - MAIN ENTRY--PERSONAL NAME
Personal name Taylor, Henry
Dates associated with a name 1800-1886
9 (RLIN) 108925
245 14 - TITLE STATEMENT
Title The statesman /
Statement of responsibility, etc. Henry Taylor, With a new introductory essay by Leo Silberman.
260 ## - PUBLICATION, DISTRIBUTION, ETC. (IMPRINT)
Place of publication, distribution, etc. Cambridge :
Name of publisher, distributor, etc. W. Heffer,
Date of publication, distribution, etc. 1957.
300 ## - PHYSICAL DESCRIPTION
Pagination lvi, 134 p. ;
Size 22 cm.
650 #0 - SUBJECT ADDED ENTRY--TOPICAL TERM
Topical term or geographic name as entry element Statesmen
9 (RLIN) 108926
Topical term or geographic name as entry element Civil service
Geographic subdivision Great Britain.
9 (RLIN) 108927
942 ## - ADDED ENTRY ELEMENTS (KOHA)
Source of classification or shelving scheme Dewey Decimal Classification
Koha item type Books
Holdings
Lost status Source of classification or shelving scheme Damaged status Not for loan Collection code Permanent Location Current Location Shelving location Date acquired Source of acquisition Cost, normal purchase price Total Checkouts Full call number Date last seen Copy number Koha item type
  Dewey Decimal Classification   Not For Loan Non-fiction Central Library, University of Rajshahi Central Library, University of Rajshahi Reading Room 08/12/1965 Zeitlinger 18.00   351.1 TAS 1957 08/06/2014 C-1 Books